LEADER 00775nam0-2200265 --450 001 9910754600103321 005 20231116142917.0 010 $a978-88-921-3993-0 100 $a20231116d2021----kmuy0itay5050 ba 101 0 $aita$cita 102 $aIT 105 $a 001yy 200 1 $aAlle origini del diritto di asilo$euna prospettiva storica$fCarlotta Latini 210 $aTorino$cGiappichelli$d2021 215 $aXVI, 138 p.$d23 cm 225 1 $a<>diritto nella storia$v21 676 $a342.083$v23$zita 700 1$aLatini,$bCarlotta$0304427 801 0$aIT$bUNINA$gREICAT$2UNIMARC 901 $aBK 912 $a9910754600103321 952 $aI E 405$b2022/461$fFGBC 959 $aFGBC 996 $aAlle origini del diritto di asilo$92803228 997 $aUNINA LEADER 00947nam0 2200289 450 001 9910856501403321 005 20250508111905.0 010 $a979-12-211-0507-0 100 $a20240604d2023---- y0kmyy ba ba 101 0 $aita 102 $aIT 105 $ay 001yy 200 1 $aDall'impresa-organo alla società in house$eistituzioni, economia e caziende nell'evoluzione dei modelli di organizzazione dei servizi pubblici locali$fSabato Vinci 210 $aTorino$cGiappichelli$d2023 215 $a287 p.$d24 cm 225 1 $aStudi di ragioneria e di economia aziendale$v91 676 $a343.4509$v23$zita 700 1$aVinci,$bSabato$01253728 801 0$aIT$bUNINA$gREICAT$2UNIMARC 901 $aBK 912 $a9910856501403321 952 $aGRDDAMM134A$b4947$fDECBC 952 $aVI G 377$b2025/756$fFGBC 959 $aFGBC 959 $aDECBC 996 $aDall'impresa-organo alla società in house$93658930 997 $aUNINA